000 01363nam a2200301 a 4500
003 DO-SdBNP
005 20250221073755.0
007 ta
008 220621e2018 dr adb|fr|||| 001 0 spa d
040 _aDO-SdBNP
_bspa
_cBNPHU
082 4 _222
_bM593m
245 1 0 _aMetodología para la medición del déficit habitacional en República Dominicana 20018. /
_cFotografía, Francisco Escolástico
260 _aSanto Domingo :
_bMinisterio de Economía y Planificación (MEPyD),
_c[2018]
300 _a68 p. :
_bil., gráf. mapas ;
_c25 cm.
500 _aIncluye bibliografía y notas al pié de páginas.
504 _aIncluye bibliografía: p. 59
505 0 _aPresentación.
505 0 _aIntroducción.
505 0 _aSiglas.
_t1. Marco Contextual.--
_t2. Aspectos Metodológicos.--
_t3. Resultados obtenidos para el 2010.--
_tConclusiones y Recomendaciones.--
_tBibliografía.--
_tAnexo.
590 _aInventariado 2022 / MF
650 4 _934809
_aDéficit Habitacional
_xEstadísticas
_zRepública Dominicana
650 4 _94607
_aMetodología
_vDéficit Habitacional
_xInvestigación
700 1 _aEscolástico, Escolástico
_efotgr.
_981892
710 1 _aRepública Dominicana.
_bMinisterio de Economía, Planificación y Desarrollo
_966142
710 1 _aRepública Dominicana.
_bOficina Nacional de Estadística
_95775
910 _aMFeliz
942 _2ddc
_cLBS1
999 _c52078
_d52078